[Event "Bucaramanga Santander-ch"]
[White "Carbajal Buitrago, Franklin Stiven"]
[Black "Ortega Rueda, Nicolas"]
[Site "Bucaramanga"]
[Round "7"]
[Result "1-0"]
[Date "2024.03.10"]
[WhiteElo "1671"]
[BlackElo "1518"]
[PlyCount "97"]
[EventDate "2024.03.08"]
[EventType "swiss"]
[EventRounds "7"]
[EventCountry "COL"]
[SourceTitle "CBM 219 Extra"]
[Source "ChessBase"]
[SourceDate "2024.05.31"]
[SourceVersion "1"]
[SourceVersionDate "2024.05.31"]
[SourceQuality "1"]

1. e4 c5 2. Nf3 d6 3. d4 cxd4 4. Nxd4 Nf6 5. Nc3 Nc6 6. Be3 e5 7. Ndb5 Be6 8. Nd5 Bxd5 9. exd5 Ne7 10. c4 Nf5 11. Bd2 Qb6 12. Qa4 Nd7 13. Ba5 Nc5 14. Qa3 Nd4 15. Bxb6 Nc2+ 16. Kd2 Nxa3 17. Nc7+ Kd7 18. Nxa8 Ne4+ 19. Kd3 Nxc4 20. Kxc4 axb6 21. Nxb6+ Kc7 22. Na4 Nxf2 23. Rg1 Be7 24. Bd3 b5+ 25. Kc3 bxa4 26. Raf1 Nxd3 27. Kxd3 Bf6 28. Rc1+ Kd7 29. Rc4 Rb8 30. Rb1 Rb5 31. Ke4 Ra5 32. Rb4 Ra7 33. Rc1 Bg5 34. Rc2 g6 35. g4 Bf4 36. h3 h6 37. Rcc4 a3 38. b3 Bg3 39. Ra4 Rxa4 40. Rxa4 Bf2 41. Rxa3 Kc7 42. Ra4 Kb7 43. Rc4 f6 44. Rc6 Bc5 45. a4 Kb8 46. a5 Kb7 47. a6+ Ka7 48. Rxc5 dxc5 49. d6 1-0